British political party leaders, 1834-present - Statistics

General Stats
  • This quiz has been taken 8 times
  • The average score is 38 of 115
Answer Stats
Answer % Correct
Conservative Party Winston Churchill
100%
Conservative Party Boris Johnson
86%
Green Party of England and Wales Darren Johnson
86%
Liberal Democrats Ed Davey
86%
Labour Party Gordon Brown
86%
Labour Party Jeremy Corbyn
86%
Conservative Party John Major
86%
Labour Party Keir Starmer
86%
Conservative Party Liz Truss
86%
Conservative Party Margaret Thatcher
86%
Labour Party Michael Foot
86%
UK Independence Party/Reform UK Nigel Farage
86%
Conservative Party Rishi Sunak
86%
Conservative Party Theresa May
86%
Labour Party Tony Blair
86%
Conservative Party Alec Douglas-Home
71%
Conservative Party Anthony Eden
71%
Conservative Party Benjamin Disraeli
71%
Conservative Party David Cameron
71%
Labour Party Ed Miliband
71%
Conservative Party Edward Heath
71%
Labour Party Harold Wilson
71%
Liberal Party H. H. Asquith
71%
Conservative Party Neville Chamberlain
71%
Liberal Democrats Nick Clegg
71%
Labour Party Ramsay MacDonald
71%
Liberal Democrats Charles Kennedy
57%
Labour Party Clement Attlee
57%
Liberal Party/National Liberal Party (1922) David Lloyd George
57%
Liberal Party/Liberal Democrats David Steel
57%
Conservative Party Robert Peel
57%
Conservative Party Harold Macmillan
57%
Conservative Party Iain Duncan Smith
57%
Labour Party James Callaghan
57%
Liberal Party Jeremy Thorpe
57%
Labour Party John Smith
57%
Labour Party Keir Hardie
57%
Conservative Party Kemi Badenoch
57%
Labour Party Neil Kinnock
57%
Liberal Democrats Paddy Ashdown
57%
Conservative Party Stanley Baldwin
57%
Liberal Party William Gladstone
57%
Conservative Party William Hague
57%
Green Party of England and Wales Zack Polanski
57%
Conservative Party Arthur Balfour
43%
Social Democratic Party David Owen
43%
Conservative Party Andrew Bonar Law
43%
Liberal Party Henry Campbell-Bannerman
43%
Liberal Democrats Menzies Campbell
43%
Conservative Party Michael Howard
43%
Liberal Democrats Vince Cable
43%
Green Party of England and Wales Caroline Lucas
29%
Liberal Party Clement Davies
29%
Whigs/Liberal Party Lord Palmerston
29%
Conservative Party Earl of Derby
29%
Liberal Party Earl of Rosebery
29%
Liberal Democrats Jo Swinson
29%
Reform UK Richard Tice
29%
Social Democratic Party Roy Jenkins
29%
Green Party of England and Wales Carla Denyer
14%
UK Independence Party Gerard Batten
14%
Labour Party Hugh Gaitskell
14%
Liberal Party Jo Grimond
14%
Whigs/Liberal Party Lord John Russell
14%
Whigs Lord Melbourne
14%
Conservative Party Marquess of Salisbury
14%
Liberal Democrats Tim Farron
14%
Green Party of England and Wales Adrian Ramsay
0%
UK Independence Party Alan Sked
0%
Green Party of England and Wales Andrew Simms
0%
Liberal Party Archibald Sinclair
0%
Labour Party Arthur Henderson
0%
Reform UK Catherine Blaiklock
0%
Irish Parliamentary Party Charles Stewart Parnell
0%
Green Party of England and Wales David Spaven
0%
Green Party of England and Wales David Taylor
0%
Green Party of England and Wales Derek Wall
0%
UK Independence Party Diane James
0%
UK Independence Party Freddy Vachha
0%
Labour Party George Barnes
0%
Labour Party George Lansbury
0%
UK Independence Party Henry Bolton
0%
Liberal Party Herbert Samuel
0%
Irish Parliamentary Party Isaac Butt
0%
Green Party of England and Wales Jan Clark
0%
Green Party of England and Wales Jean Lambert
0%
UK Independence Party Jeffrey Titford
0%
Green Party of England and Wales Jim Berreen
0%
Irish Parliamentary Party Joe Devlin
0%
Green Party of England and Wales John Cornford
0%
Irish Parliamentary Party/Irish National Federation John Dillon
0%
Irish Parliamentary Party John Redmond
0%
Green Party of England and Wales Jonathan Bartley
0%
Labour Party J. R. Clynes
0%
Irish National Federation Justin McCarthy
0%
Green Party of England and Wales Keith Taylor
0%
UK Independence Party Lois Perry
0%
UK Independence Party Malcolm Pearson
0%
Green Party of England and Wales Mallen Baker
0%
Green Party of England and Wales Margaret Wright
0%
UK Independence Party Michael Holmes
0%
Green Party of England and Wales Mike Woodin
0%
Green Party of England and Wales Natalie Bennett
0%
UK Independence Party Neil Hamilton
0%
UK Independence Party Nick Tenconi
0%
UK Independence Party Paul Nuttall
0%
Green Party of England and Wales Peg Alexander
0%
UK Independence Party Richard Braine
0%
Green Party of England and Wales Richard Lawson
0%
Social Democratic Party/Liberal Democrats Robert Maclennan
0%
UK Independence Party Roger Knapman
0%
Green Party of England and Wales Sara Parkin
0%
Green Party of England and Wales Siân Berry
0%
Labour Party William Adamson
0%
Irish Parliamentary Party William Shaw
0%
No matching quizzes found
Score Distribution
Percent of People with Each Score
Percentile by Number Answered
Your Score History
You have not taken this quiz